| 000 | 00650cam a22002294a 4500 | ||
|---|---|---|---|
| 008 | |||
| 020 | _a9780230274792 (pbk.) | ||
| 049 | _aMAIN | ||
| 090 |
_aTA330 _bSIN |
||
| 100 | 1 | _aSingh, Kuldeep. | |
| 245 | 1 | 0 |
_aEngineering mathematics through applications / _cKuldeep Singh. |
| 250 | _a2nd ed. | ||
| 260 |
_aNew York : _bIndustrial Press, _cc2011. |
||
| 300 |
_axvi, 927 p. : _bill. ; _c25 cm. |
||
| 500 | _aIncludes index. | ||
| 650 | 0 | _aEngineering mathematics. | |
| 907 |
_a.b10317685 _b06-09-12 _c06-09-12 |
||
| 003 | |||
| 005 | 20230123125445.0 | ||
| 040 | _cNUST | ||
| 942 |
_cBOOKS _kTA330 _mSIN |
||
| 999 |
_c141825 _d141825 |
||